000 00433nam a2200181Ia 4500
001 2823
005 20260306144835.0
008 260306t1990||||xx |||||||||||||| ||spa||
041 _aESP
082 _a230.2
_bM86L
100 _aMoreno Valencia, Fernando
_eAUT
245 0 _aLibertad y desarrollo del hombre
260 _c1990
300 _a118 páginas :
_c19 cm.
650 _aGEN
654 _aCHU
942 _cLIB
_dJUS
_fJUS
_2ddc
_n
999 _c2823
_d2823